Movies Quiz

Random Movies or Disney Quiz

Disney Smiles Quiz Stats

Quiz Updated Apr 19, 2016

Score 0/30 Timer 05:00
3 Plays Today
Disney Character % Correct
Winnie the Pooh
91.1%
Ursula
88.8%
Cruella De Vil
87.7%
Peter Pan
85.9%
Pinocchio
84.2%
Cinderella
81.7%
Jafar
81.4%
Hades
80.8%
Mickey
79.8%
Dumbo
79.4%
Lilo
77.4%
Dopey
71.8%
Mowgli
70.4%
Tiana
68.6%
Maleficent
66.5%
Disney Character % Correct
Jasmine
66.5%
Lumiere
65.3%
Iago
62.5%
Flynn Rider
59.5%
Lady
48.6%
Kronk
48.2%
Bambi
47.9%
Esmeralda
46%
Pocahontas
40.3%
Terk
28.7%
Milo Thatch
28.7%
Oliver
28.6%
Robin Hood
28.1%
Basil
23.1%
Shan Yu
21.8%

You're not logged in!

Compare scores with friends on all Sporcle quizzes.
Join for Free
OR
Log In

You Might Also Like...

Show Comments

Extras

Top Quizzes Today


Score Distribution

Your Account Isn't Verified!

In order to create a playlist on Sporcle, you need to verify the email address you used during registration. Go to your Sporcle Settings to finish the process.

Report this User

Report this user for behavior that violates our Community Guidelines.

Details: